| 000 | 00724nam a2200205 a 4500 | ||
|---|---|---|---|
| 001 | 1588 | ||
| 003 | CDMR | ||
| 005 | 20131128121401.0 | ||
| 008 | 130130s1985||||||||||||||||||||||||||||d | ||
| 020 | _a847488120X | ||
| 040 |
_aCDMR _bcat _cCDMR |
||
| 111 | 2 |
_aJornades sobre Meso-comunicació a Catalunya _91193 _d1985 _n1es |
|
| 245 | 1 | 0 |
_aI Jornades sobre meso-comunicació a Catalunya _b: Sant Cugat del Vallès 2, 3, i 4 de març de 1985 _c[revisió general per Daniel E. Jones i Joan Corbella] |
| 260 |
_aBellaterra _c1985 _bUniversitat Autònoma de Barcelona |
||
| 300 | _a275 p. | ||
| 650 | 0 | 4 |
_94399 _aComunicació _xCongressos |
| 700 | 1 |
_9943 _aJones, Daniel Evan |
|
| 700 | 1 |
_9364 _aCorbella, Joan Maria |
|
| 942 |
_cMON _2ddc |
||
| 999 |
_c1588 _d1588 |
||